000 00601cam a22002053a 4500
001 45725
003 PGUSA
005 20140828084047.0
008 140523s2014||||xxu|||||s|||||000 | eng d
040 _aPGUSA
_beng
042 _adc
100 1 _aHäfker, Hermann,
_d1873-1939
245 1 0 _aKino und Kunst :
_bLichtbühnen-Bibliothek Nr. 2
_h[electronic resource] /
_cHermann Häfker
260 _bProject Gutenberg,
_c2014
506 _aPublic domain in the USA.
516 _aElectronic text
830 0 _aProject Gutenberg
_v45725
856 4 0 _uhttp://www.gutenberg.org/ebooks/45725
942 _cEB
999 _c274975
_d274975